Estrategias de la implantación española en América

Saved in:
Bibliografiske detaljer
Hovedforfatter: Fuentes Gómez de Salazar, Eduardo de (Author)
Format: Bog
Sprog:spansk
Udgivet: Madrid MAPFRE 1992
Fag:
Tags: Tilføj Tag
Ingen Tags, Vær først til at tagge denne postø!

MARC

LEADER 00000nam a2200000 a 4500
001 UCX6643
003 CL-VaPUC
008 930730e19920000SP |||||||||||||||||spa|d
082 0 4 |a 980  |b FUE  |2 21 
100 0 |a Fuentes Gómez de Salazar, Eduardo de  |e author  |9 323256 
245 1 0 |a Estrategias de la implantación española en América 
300 |a 322 p 
942 |c BK 
945 |d 19930730 00:00:00 
260 |a Madrid  |b MAPFRE  |c 1992 
650 7 |a DESCUBRIMIENTO Y EXPLORACIONES ESPAÑOLES  |2 CL-VaPUC  |9 255282 
651 0 |a América  |9 255182 
583 |a last modification  |c 19930730 00:00:00  |k Rodrigo Vera 
999 |c 226635  |d 226633 
952 |0 0  |1 0  |4 0  |6 980_000000000000000_FUE_1992  |7 0  |8 A  |9 225140  |a BIBHIS  |b BIBHIS  |d 2019-11-15  |i 2938405  |l 1  |o 980 FUE 1992  |p 2938405  |r 2025-01-20  |s 2022-05-24  |w 2019-11-15  |y BK  |k HIS